|
|
|
|
| LEADER |
00000cam a2200000 7i4500 |
| 001 |
0000006481 |
| 005 |
20220105104022.0 |
| 008 |
070816 |
| 020 |
|
|
|a 068987488X
|
| 090 |
0 |
0 |
|a JP
|b ENG (4987)
|
| 100 |
1 |
|
|a Inches, Alison
|
| 245 |
1 |
0 |
|a Dora saves the prince :
|b 27 useable stickers
|c Alison Inches;illustrated by Brian McGee
|
| 260 |
|
|
|a London :
|b Simon and Schuster ,
|c 2004
|
| 440 |
|
|
|a Dora the explorer
|
| 500 |
|
|
|a Children age 4-6 years old (yellow)
|
| 650 |
|
0 |
|a Junior preschool
|x English
|x Languages
|
| 700 |
1 |
|
|a Brian McGee
|
| 999 |
|
|
|a 0000985117
|b Book
|c Children Collection
|e Perbadanan Perpustakaan Awam Johor
|
| 999 |
|
|
|a 0000985118
|b Book
|c Children Collection
|e Perbadanan Perpustakaan Awam Johor
|
| 999 |
|
|
|a 0000985119
|b Book
|c Children Collection
|e Perbadanan Perpustakaan Awam Johor
|